| 000 | 00575nam a2200169 i 4500 | ||
|---|---|---|---|
| 001 | 104590 | ||
| 003 | ES-MaACL | ||
| 005 | 20250811070821.0 | ||
| 007 | t| | ||
| 008 | 051202s1975 sp ||||1| spa d | ||
| 110 | 1 |
_aEspaña. _bMinisterio de Industria _93878 |
|
| 245 | 1 | 0 |
_aEstimación de la renta industrial, 1973 definitiva y 1974 avance / _cMinisterio de Industria. Servicio de Estadística e Informática. |
| 260 |
_aMadrid : _b[s.n.], _c1975. |
||
| 300 |
_a21 p., 2 gráf. ; _c30 cm. |
||
| 852 |
_aES-MaACL _j2098-F-31 _bR.93490 |
||
| 999 |
_c104590 _d104590 |
||